| 000 | 01157nam a22003377a 4500 | ||
|---|---|---|---|
| 999 |
_c200451169 _d69381 |
||
| 001 | 200451169 | ||
| 003 | TR-AnTOB | ||
| 005 | 20230103145154.0 | ||
| 007 | ta | ||
| 008 | 230103s2017 tu a|||j |||| 00| 0 tur d | ||
| 020 | _a9786054525300 | ||
| 040 |
_aTR-AnTOB _beng _erda _cTR-AnTOB |
||
| 041 | 1 | _atur | |
| 092 |
_a398.2 _bSABm 2017 |
||
| 100 | 1 |
_aSabates, Berta Garcia. _eauthor |
|
| 240 | 1 | 0 | _aGaudeix amb la mitologia |
| 245 | 1 |
_aMitoloji ile eğlenmek / _cBerta Garcia Sabates ; Resimleyen: Francesc Rovira ; Çeviren: Nurcan Kılıç. |
|
| 250 | _a4. baskı | ||
| 264 | 1 |
_aAnkara : _bBinbir Çiçek Kitaplar, _c2017. |
|
| 300 |
_a95 pages : _billustrations _c27 cm. |
||
| 336 |
_atext _btxt _2rdacontent |
||
| 337 |
_aunmediated _bn _2rdamedia |
||
| 338 |
_avolume _bnc _2rdacarrier |
||
| 653 |
_aÇocuk edebiyatı _aMitoloji öyküleri _aMitoloji _aYunan tanrıları |
||
| 700 | 1 |
_aRovira, Francesc _eillustrator _9140015 |
|
| 700 | 1 |
_aKılıç, Nurcan _etranslator _9140016 |
|
| 856 | 4 | 0 | _uhttps://katalog.ibb.gov.tr/yordam/?p=1&alan=kunyeDemirbasKN_str&q=10009891 |
| 942 |
_2ddc _cBK |
||